000 00314nam a22001337a 4500
008 170216b xxu||||| |||| 00| 0 eng d
020 _a9780972307697
041 _aeng
080 _25TH
_a615
100 _a615
101 _aSHF
245 _aTHE ALPHA COMPLETE REVIEW FOR PHARMACY
_cGOURLEY, D.R
942 _2udc
_cBK
999 _c5730
_d5730